000 01038nam a2200301 i 4500
003 EG-GICUC
005 20260121101508.0
008 251216s1949 fr ||||fr|||| 00| 0 fre d
040 _aEG-GiCUC
_bfre
_cEG-GiCUC
_dEG-GiCUC
_eRda
041 _afre
082 0 4 _221
_a341.84
_bRT . C
092 0 4 _221
099 _aLaw1 12 341.84 NI . T 1949
100 1 _aNiboyet, J. P
_d1886-1952,
_eAuteur
245 1 0 _aTraité De Droit International Privé Français.
_nTome VI,
_pLe Conflit Des Autorités , Le Conflit Des Juridictions /
_cJ. P. Niboyet.
264 1 _aParis :
_bRecueil Sirey,
_c1949.
300 _a577 page ;
_c24 cm.
336 _2rda contenu
_a texte
337 _2rda medias
_aOrdinateur
338 _2 transporteur rda
_a Ressource en ligne
504 _aIncludes bibliographical references
546 _aTexte en français
650 1 4 _aConflit de lois
_xDroit international privé
_2qrmak
651 1 _2qrmak
856 4 0 _uhttps://fll.law.cu.edu.eg/fulltext/bks/B12-01562.pdf
905 _a75
942 _2ddc
_n0
_cBK
_e21
999 _c50747
_d50747